Top 15 Countries with Covid-19 Cases - 28 Apr 2021 - Statistics

General Stats
  • This quiz has been taken 862 times
  • The average score is 17 of 28
Answer Stats
country % Correct
United States
99%
India
96%
France
95%
United Kingdom
95%
Brazil
94%
Italy
92%
Germany
91%
Spain
90%
Mexico
88%
Russia
88%
Argentina
74%
Poland
67%
Turkey
66%
Portugal
64%
Colombia
61%
Netherlands
60%
Sweden
60%
Iran
58%
Belgium
57%
Czechia
40%
Hungary
36%
Slovenia
25%
Croatia
24%
Israel
23%
Estonia
16%
Lithuania
16%
Panama
8%
Bahrain
7%
No matching quizzes found
Score Distribution
Percent of People with Each Score
Percentile by Number Answered
Your Score History
You have not taken this quiz